Equations differentielles integrales multiples fonctions holomorphes

Saved in:
Bibliographic Details
Main Author: Lelong-Ferrand, Jacqueline 1918-
Other Authors: Arnaudies, Jean Marie
Format: Book
Language:French
Published: Paris : Dunod, 1977
Edition:2nd ed.
Series:Cours de mathematiques ; ; 4
Subjects:
Tags: Add Tag
No Tags, Be the first to tag this record!

MARC

LEADER 00000nam a2200000 i 4500
001 1/56894
008 941103s1977 fre d
020 |a 2-04-002606-1 
035 |a 1987  |l 10045646 
040 |a GR-MY-UA  |b gre  |e aacr 
041 0 |a fre 
082 0 |a 515.35 
100 1 |a Lelong-Ferrand, Jacqueline  |d 1918- 
245 1 0 |a Equations differentielles integrales multiples fonctions holomorphes /  |c Jacqueline Lelong-Ferrand, Jean-Marie Arnaudies 
250 |a 2nd ed. 
260 |a Paris :   |b Dunod,   |c 1977 
300 |a ix, 454 p.;  |c 25 cm. 
490 1 |a Cours de mathematiques  |v ; 4 
500 |a Includes bibliography 
650 0 0 |a Differential equations. 
650 0 0 |a Multiple integrals. 
650 0 0 |a Analytic functions. 
700 1 |a Arnaudies, Jean Marie. 
830 0 |a Cours de mathematiques ;  |v ; 4 
852 |a INST  |b SAMOS  |e 19941103  |h 515.35 LEL  |p 005300002960  |q 005300002960  |t BK  |y 0 
909 |a Σ  |b 008251